1004 1200 1043 1634 1563 1171 1326 1831 1965 1423 1304 1877 1371 1389 1966 1810 1240 1497 1261 1998 1065 1609 1793 1601 1872 1953 1232 1519 1222 1428 1075 1158 1248 1598 1786 1333 1764 1242 1380 1314 1868 1426 1095 1704 1854 1506 1370 1244 1318 1128 1438 1956 1403 1759 1041 1034 1339 1009 1407 1753 1845 1190 1922 1835 1277 1344 1424 1917 1498 1610 1748 1448 1105 1522 1170 1773 1532 1230 1397 1695 1028 1390 1338 1280 1983 1375 1535 1818 1280 1153 1614 1466 1889 1600 1762 1961 1333 1243 1657 BCNSPRNW ULIB Ver.6.0+V

เปลี่ยนเป็นภาษาไทย

Change to English
 แสดงรายละเอียดบรรณานุกรม
  กลับหน้าหลัก

Brief Record : Get Marc (ISO 2709) : E-mail record : QR code < ปิดหน้าต่าง
LEADER : 00000nam 2200000uu 4500
001    13399113750
003     ULIB
008    990707s2540 th 000 0 tha d
020    ^a9747786982 (ล.1)
020    ^a9747787008 (ล.2)
245 00 ^aอนามัยชุมชน เล่ม 1 /^cเรณูวรรณ หาญวาฤทธิ์, บรรณาธิการ
250    ^aพิมพ์ครั้งที่ 1
260    ^aนนทบุรี :^bโครงการสวัสดิการวิชาการ สถาบันพระบรมราชชนก,^c2540
300    ^a2 ล. ;^c26 ซม.
650  2 ^aCommunity Health Services
650  4 ^aอนามัยชุมชน
650  4 ^aอนามัยสิ่งแวดล้อม
700 0  ^aเรณูวรรณ หาญวาฤทธิ์,^eบรรณาธิการ
710 2  ^aสถาบันพระบรมราชชนก. ^bโครงการสวัสดิการวิชาการ
945    ^p0^l0^i15465
945    ^p0^l0^i11928
995    ^aกัณชพร
999 ^a ใช้งานได้ทุกระบบ
รายการนี้ยังไม่มีแท็ก
คุณยังไม่ได้ล็อกอิน คุณสามารถมีกิจกรรมร่วมกับเว็บไซต์ได้ แต่ต้องล็อกอินก่อน ::
  ล็อกอิน

รายการสื่อสารสนเทศ

ลำดับที่ ประเภท เลขเรียก/บาร์โค้ด สถานที่ สถานะ
- ไม่พบข้อมูล -

รายการใกล้เคียง
    หัวเรื่อง [Community Health Services]
    หัวเรื่อง [อนามัยชุมชน]
    หัวเรื่อง [อนามัยสิ่งแวดล้อม]

BibComment


ยังไม่เคยถูกคอมเมนท์

คอมเมนท์ทรัพยากรรายการนี้
  คอมเมนท์: อนามัยชุมชน เล่ม..


 Copyright 2026. Bcnsprnw @Library